<?xml version="1.0" encoding="UTF-8"?>
<record
    xmlns:xsi="http://www.w3.org/2001/XMLSchema-instance"
    xsi:schemaLocation="http://www.loc.gov/MARC21/slim http://www.loc.gov/standards/marcxml/schema/MARC21slim.xsd"
    xmlns="http://www.loc.gov/MARC21/slim">

  <leader>01733nam a22001817a 4500</leader>
  <controlfield tag="005">20251121105938.0</controlfield>
  <controlfield tag="008">251121b           ||||| |||| 00| 0 eng d</controlfield>
  <datafield tag="020" ind1=" " ind2=" ">
    <subfield code="a">9789988137366</subfield>
  </datafield>
  <datafield tag="082" ind1=" " ind2=" ">
    <subfield code="2">HC1060.A27(2e)</subfield>
  </datafield>
  <datafield tag="100" ind1=" " ind2=" ">
    <subfield code="9">Acquah-Sam, Emmanuel.</subfield>
  </datafield>
  <datafield tag="245" ind1=" " ind2=" ">
    <subfield code="a">Critical economics issues for national development /</subfield>
    <subfield code="c">Emmanuel Acquah-Sam.</subfield>
  </datafield>
  <datafield tag="250" ind1=" " ind2=" ">
    <subfield code="a">2nd ed.</subfield>
  </datafield>
  <datafield tag="260" ind1=" " ind2=" ">
    <subfield code="a">Accra :</subfield>
    <subfield code="b">Samico Mega Press,</subfield>
    <subfield code="c">2022.</subfield>
  </datafield>
  <datafield tag="300" ind1=" " ind2=" ">
    <subfield code="a">xvii, 436 p. :</subfield>
    <subfield code="b">ill. ;</subfield>
    <subfield code="c">20 cm.</subfield>
  </datafield>
  <datafield tag="500" ind1=" " ind2=" ">
    <subfield code="a">Includes index and references. </subfield>
  </datafield>
  <datafield tag="505" ind1=" " ind2=" ">
    <subfield code="a">Contents: A comparative analysis of the contributions of the public and private sectors to sustainable economic growth -- The ramifications of rising national debt -- Financial independence and economic growth: the moderating role of the development of the financial sector -- Alternative sources of financing government fiscal budget: benefits and challenges -- The effects of foreign direct investments on economic growth -- Understanding the power of inflation -- Oil and gas production and management in Ghana -- The discussions on the financing of small and medium enterprises (SMEs) and startups in Ghana -- The evaluation of the effects of uncompleted government infrastructural projects -- Developing an economy beyond development aid -- Promoting economic growth of developing economies: reflections on capital accumulation, state planning, and self-sufficiency -- The obstacles to Ghana's economic growth and development -- The Promotion of agriculture and food security in Ghana -- Economic analysis of shutting down business enterprises -- Understanding the industrial development trajectory in Ghana -- Sports development and economic growth and development of developing economies.</subfield>
  </datafield>
  <datafield tag="942" ind1=" " ind2=" ">
    <subfield code="2">lcc</subfield>
    <subfield code="c">BK</subfield>
  </datafield>
  <datafield tag="999" ind1=" " ind2=" ">
    <subfield code="c">10482</subfield>
    <subfield code="d">17982</subfield>
  </datafield>
  <datafield tag="952" ind1=" " ind2=" ">
    <subfield code="0">0</subfield>
    <subfield code="1">0</subfield>
    <subfield code="2">lcc</subfield>
    <subfield code="4">0</subfield>
    <subfield code="7">0</subfield>
    <subfield code="a">WIUC-1</subfield>
    <subfield code="b">WIUC-1</subfield>
    <subfield code="c">REF</subfield>
    <subfield code="d">2025-11-21</subfield>
    <subfield code="l">0</subfield>
    <subfield code="o">HC1060.A27(2e)</subfield>
    <subfield code="p">9828/529/25</subfield>
    <subfield code="r">2025-11-21 00:00:00</subfield>
    <subfield code="t">1</subfield>
    <subfield code="w">2025-11-21</subfield>
    <subfield code="y">BK</subfield>
  </datafield>
  <datafield tag="952" ind1=" " ind2=" ">
    <subfield code="0">0</subfield>
    <subfield code="1">0</subfield>
    <subfield code="2">lcc</subfield>
    <subfield code="4">0</subfield>
    <subfield code="7">0</subfield>
    <subfield code="a">WIUC-1</subfield>
    <subfield code="b">WIUC-1</subfield>
    <subfield code="c">REF</subfield>
    <subfield code="d">2025-11-21</subfield>
    <subfield code="l">0</subfield>
    <subfield code="o">HC1060.A271(2e)</subfield>
    <subfield code="p">9829/530/25</subfield>
    <subfield code="r">2025-11-21 00:00:00</subfield>
    <subfield code="t">2</subfield>
    <subfield code="w">2025-11-21</subfield>
    <subfield code="y">BK</subfield>
  </datafield>
  <datafield tag="952" ind1=" " ind2=" ">
    <subfield code="0">0</subfield>
    <subfield code="1">0</subfield>
    <subfield code="2">lcc</subfield>
    <subfield code="4">0</subfield>
    <subfield code="7">0</subfield>
    <subfield code="a">WIUC-1</subfield>
    <subfield code="b">WIUC-1</subfield>
    <subfield code="c">REF</subfield>
    <subfield code="d">2025-11-21</subfield>
    <subfield code="o">HC1060.A272(2e)</subfield>
    <subfield code="p">9830/531/25</subfield>
    <subfield code="r">2025-11-21 00:00:00</subfield>
    <subfield code="t">3</subfield>
    <subfield code="w">2025-11-21</subfield>
    <subfield code="y">BK</subfield>
  </datafield>
  <datafield tag="952" ind1=" " ind2=" ">
    <subfield code="0">0</subfield>
    <subfield code="1">0</subfield>
    <subfield code="2">lcc</subfield>
    <subfield code="4">0</subfield>
    <subfield code="7">0</subfield>
    <subfield code="a">WIUC-1</subfield>
    <subfield code="b">WIUC-1</subfield>
    <subfield code="c">REF</subfield>
    <subfield code="d">2025-11-21</subfield>
    <subfield code="l">0</subfield>
    <subfield code="o">HC1060.A273(2e)</subfield>
    <subfield code="p">9832/532/25</subfield>
    <subfield code="r">2025-11-21 00:00:00</subfield>
    <subfield code="t">4</subfield>
    <subfield code="w">2025-11-21</subfield>
    <subfield code="y">BK</subfield>
  </datafield>
  <datafield tag="952" ind1=" " ind2=" ">
    <subfield code="0">0</subfield>
    <subfield code="1">0</subfield>
    <subfield code="2">lcc</subfield>
    <subfield code="4">0</subfield>
    <subfield code="7">0</subfield>
    <subfield code="a">WIUC-1</subfield>
    <subfield code="b">WIUC-1</subfield>
    <subfield code="c">REF</subfield>
    <subfield code="d">2025-11-21</subfield>
    <subfield code="o">HC1060.A274(2e)</subfield>
    <subfield code="p">9832/533/25</subfield>
    <subfield code="r">2025-11-21 00:00:00</subfield>
    <subfield code="t">5</subfield>
    <subfield code="w">2025-11-21</subfield>
    <subfield code="y">BK</subfield>
  </datafield>
</record>
